000 01294nam a22002777a 4500
005 20170124103047.0
010 _aB-158176
020 _c175.00
_a818847309
035 _aB-158176
037 _bCen Lib/Ret
040 _aDPL
_bHN
082 _a
_bबर्नजू
100 _aबर्न, जूले
_969160
245 _a80 दिनों में पृथ्वी परिक्रमा /
_cबर्न जूले; संपादक भारत यायावर; अनुवादक अशोक कुमार
246 _a80 dino me prithvi parikrma /
_bby Burne Jule; sampadak Bharat Yayavar; anuvadak Ashok Kumar
260 _aनयी दिल्ली
_bअरुणोदय प्रकाशन
_c2003
270 _a21-ए, दरियागंज
_bनयी दिल्ली
_e110002
300 _a192पृ. :
_c20सेमी(सजिल्द)
_bसचित्र
650 _aहिन्दी साहित्य
_969161
650 _aहिन्दी -- उपन्यास
_969162
650 _aHindi literature
_969163
650 _aHindi -- Fiction
_927248
700 _aयायावर, भारत
_969164
700 _aअशोक कुमार
_969165
942 _2ddc
_cHN
_h
_mबर्नजू
999 _c116945
_d116945